000 00793cab a2200253 4500
001 ABS50248
008 090401t1994 xxu||||| |||| 00| 0 eng d
035 _a(Sirsi) u74837
041 _aeng
100 _aWesterlund, H.
245 _aWarming up the Swedes
260 _c1994
350 _a0
490 _aVoluntary Housing
_vMarch 1994, 28-29(2)
520 _aReports on energy efficiency in the construction of Swedish prefabricated timber-frame houses, and looks at the implications for British housing associations.
650 _aENERGY EFFICIENCY
650 _aHOUSING ASSOCIATIONS
650 _aPREFABRICATED HOUSES
650 _aSWEDEN
650 _aTIMBER-FRAME HOUSES
690 _aBUILDING AND CONSTRUCTION-ENERGY CONSERVATION
942 _n0
948 _c04/03/1997
999 _c47149
_d47149